000 01272nam a22003737a 4500
003 CHAP
005 20250613132014.0
008 971013s1993 r 00010 d
010 _a8213
011 _a9185
035 _a8419
040 _cCHAP
090 _aTesis
100 0 0 _aAcosta Caro, Carlos Alberto.
_9638
245 _aDiseño de una plantadora de piña
260 _aChapingo, Méx. :
_bEl autor,
_c1993
300 _a180 h.
502 _aTesis (Ing. Mecánico Agríc.) -- UACH. Deparatamento de Ingeniería Mecánica Agrícola
590 _aALEPH
_b10
_c20130110
_lUCH01
_h1222
590 _aBATCH-UPD
_b10
_c20130110
_lUCH01
_h0114
590 _aBATCH-UPD
_b10
_c20130110
_lUCH01
_h1004
590 _aBATCH-UPD
_b10
_c20130409
_lUCH01
_h2106
590 _aBATCH-UPD
_b10
_c20130410
_lUCH01
_h0614
590 _aBATCH-UPD
_b10
_c20130914
_lUCH01
_h1906
590 _aCONVERSION
_b10
_c20130109
_lUCH01
_h1306
650 1 7 _aPiña (Ananas comosus)
_xCostos de producción
_2
_988395
650 1 7 _aPiña (Ananas comosus)
_xVeracruz
_2
_988428
650 1 7 _aPiña (Ananas comosus)
_zOaxaca
_2
_988431
650 1 4 _aSembradoras.
_9103854
700 0 _aMartínez García, Ramiro.
_972071
901 _aBK
942 _cTESIS
949 _bBC
_cTES
_d-18618
_eTS1
_h26268
_i8419
_si
999 _c8213
_d8213